00498 a2200181 4500003000900000005001700009008004100026040001600067080001600083100001700099245004900116260004900165300001400214500002200228650001800250650002900268650001900297IN-BaIIA20250401104959.0250329b |||||||| |||| 00| 0 eng d cIIA Library a629.76bJOH aJohnson, Les aA traveler's guide to the starscLes Johnson bPrinceton University PressaNew Jerseyc2022 axx, 219p. aindex given, ill. aSpace science aInterstellar spaceflight aRocket science